书目信息 |
| 题名: |
生物化学与分子生物学
|
|
| 作者: | 郝岗平 主编 | |
| 分册: | ||
| 出版信息: | 北京 中国医药科技出版社 2016.12 |
|
| 页数: | 11,400页 | |
| 开本: | 28cm | |
| 丛书名: | ||
| 单 册: | ||
| 中图分类: | Q5 , Q7 | |
| 科图分类: | ||
| 主题词: | 生物化学--医学院校--教材 , 分子生物学--医学院校--教材 | |
| 电子资源: | ||
| ISBN: | 978-7-5067-8194-7 | |
| 000 | 01293nam0 2200265 450 | |
| 001 | 0400001830 | |
| 005 | 20171019165306.0 | |
| 010 | @a978-7-5067-8194-7@dCNY58.00 | |
| 100 | @a20170328e2016 em y0chiy50 ea | |
| 101 | 0 | @achi |
| 102 | @aCN@b110000 | |
| 105 | @ay z 000yy | |
| 106 | @ar | |
| 200 | 1 | @a生物化学与分子生物学@9sheng wu hua xue yu fen zi sheng wu xue@f郝岗平主编 |
| 210 | @a北京@c中国医药科技出版社@d2016.12 | |
| 215 | @a11,400页@d28cm | |
| 300 | @a全国普通高等医学院校五年制临床医学专业“十三五”规划教材 | |
| 330 | @a全书分为绪论和四篇21章。第一篇生物分子的结构和功能,包括蛋白质的结构与功能、核酸的结构与功能、维生素与微量元素及钙、磷代谢和酶4章;第二篇物质代谢及其调节,包括糖代谢、生物氧化、脂质代谢、氨基酸代谢、核苷酸代谢、物质代谢的联系和调节、血液生物化学和肝胆生物化学8章;第三篇遗传信息的传递,包括DNA的生物合成和损伤修复、RNA的生物合成、蛋白质的生物合成和基因及其表达调控4章;第四篇分子医学专题,包括常用分子生物学技术的原理与应用,基因重组与基因工程,癌基因、肿瘤抑制基因及生长因子,基因诊断和基因治疗及细胞信号转导5章。 | |
| 606 | 0 | @a生物化学@x医学院校@j教材 |
| 606 | 0 | @a分子生物学@x医学院校@j教材 |
| 690 | @aQ5@v5 | |
| 690 | @aQ7@v5 | |
| 701 | 0 | @a郝岗平@9hao gang ping@4主编 |
| 801 | 0 | @aCN@b91MARC@c20171019 |
| 905 | @b1025746-50@dQ5@f5@e231 | |
| 生物化学与分子生物学/郝岗平主编.-北京:中国医药科技出版社,2016.12 |
| 11,400页;28cm |
| 全国普通高等医学院校五年制临床医学专业“十三五”规划教材 |
| ISBN 978-7-5067-8194-7:CNY58.00 |
| 全书分为绪论和四篇21章。第一篇生物分子的结构和功能,包括蛋白质的结构与功能、核酸的结构与功能、维生素与微量元素及钙、磷代谢和酶4章;第二篇物质代谢及其调节,包括糖代谢、生物氧化、脂质代谢、氨基酸代谢、核苷酸代谢、物质代谢的联系和调节、血液生物化学和肝胆生物化学8章;第三篇遗传信息的传递,包括DNA的生物合成和损伤修复、RNA的生物合成、蛋白质的生物合成和基因及其表达调控4章;第四篇分子医学专题,包括常用分子生物学技术的原理与应用,基因重组与基因工程,癌基因、肿瘤抑制基因及生长因子,基因诊断和基因治疗及细胞信号转导5章。 |
| ● |
| 相关链接 |
|
|
|
|
正题名:生物化学与分子生物学
索取号:Q5/231
 
预约/预借
| 序号 | 登录号 | 条形码 | 馆藏地/架位号 | 状态 | 备注 |
| 1 | 1025746 | 210257461 | 第二样本阅览室/ [索取号:Q5/231] | 在馆 | |
| 2 | 1025747 | 210257470 | 密集书库-生命科学系/ [索取号:Q5/231] | 在馆 | |
| 3 | 1025748 | 210257489 | 第三借阅区/ [索取号:Q5/231] | 在馆 | |
| 4 | 1025749 | 210257498 | 第三借阅区/ [索取号:Q5/231] | 在馆 | |
| 5 | 1025750 | 210257504 | 第三借阅区/ [索取号:Q5/231] | 在馆 |